00707 2200229 4500001002100000005001700021008004100038035002400079040001200103041001400115082001200129090002100141100001800162245006000180260009000240300004400330500001600374504001700390650004000407852001200447990001800459YOGYA-0113000000139420130122134602.0 ind  0010-011300000001394 aYOPDYOG aIndonesia a351.819 aSK 351.819 Ano K aAnowo Winarni aKebijakan pengelolaan informasi program kota yogyakarta ayogyakarta :bFakultas ilmu sosial dan ilmu politik universitas Widya Mataram ,c2004 aviii , 76 , (4) lbr . :blamp . ;c30cm aSkripsi UWM albr. 77 - 78 aKota yogyakarta - Politik informasi aYOPDYOG a43138-PD/A.12